[Event "SVK-chT 9899"]
[Site "SVK"]
[Date "1999.??.??"]
[Round "9"]
[White "Bednar, J."]
[Black "Petran, Peter"]
[Result "0-1"]
[WhiteElo "2215"]
[BlackElo "2430"]

1.e4 g6 2.d4 Bg7 3.Nc3 d6 4.f4 a6 5.Nf3 b5 6.Be3 Nd7 7.d5 Nb6 8.Bd4 Nf6 9.Bd3 O-O
10.O-O e6 11.dxe6 fxe6 12.b4 Qe7 13.Qe1 c5 14.Bf2 Ng4 15.Bh4 Qc7 16.e5 c4
17.exd6 Qxd6 18.Be4 Qxb4 19.Bxa8 Bxc3 20.Qe4 Qc5+ 21.Kh1 Bxa1 22.Rxa1 Nxa8
23.Qxa8 Qd5 24.Qa7 Rxf4 25.Rf1 Qd7 26.Qb8 Rf8 27.Qg3 Ne3 28.Re1 Nxc2 29.Rc1 Bb7
30.Ne5 Qd2 31.Bg5 Qxc1+  0-1

[Event "SVK-chT 9899"]
[Site "SVK"]
[Date "1999.??.??"]
[Round "11"]
[White "Maros, Milan"]
[Black "Petran, Peter"]
[Result "1/2-1/2"]
[WhiteElo "2225"]
[BlackElo "2435"]

1.e4 g6 2.d4 Bg7 3.Nc3 d6 4.Be3 c6 5.Qd2 b5 6.h4 h5 7.f3 Nd7 8.O-O-O Nb6
9.Qe1 a5 10.e5 d5 11.Nh3 Bxh3 12.Rxh3 e6 13.g4 Bf8 14.Bg5 Be7 15.Bxe7 Nxe7
16.Ne2 Kd7 17.Ng3 Qf8 18.Kb1 Qh6 19.b3 b4 20.Qf2 Ra7 21.gxh5 gxh5 22.f4 a4
23.Be2 Qg6 24.Bd3 Qg8 25.f5 axb3 26.cxb3 Qg4 27.Rhh1 Rha8 28.Rd2 Rg8 29.fxe6+ fxe6
30.Ne2 Raa8 31.Rg1 Qh3 32.Rxg8 Rxg8 33.Nf4 Qg4 34.Be2 Qg1+ 35.Qxg1 Rxg1+
36.Rd1 Rxd1+ 37.Bxd1 Nf5 38.Bxh5 Nxd4 39.Bg4 Ke7 40.Nd3 Nd7 41.Nxb4 Nxe5
42.Bd1 c5 43.Nc2 Nf5 44.h5 Kf6 45.a4 Nc6 46.Ne1 Ne3 47.Kc1 Na5 48.Bc2 Kg5
49.Nd3 c4 50.b4 Nc6 51.b5 Na5 52.Nc5 Kxh5 53.b6 d4 54.Be4 c3 55.b7 Nxb7 56.Nxb7 Nc4
57.Bd3 Nb2 58.Be2+ Kg5 59.a5 d3 60.Bd1 Nc4 61.a6 c2 62.Bf3 Kf4 63.a7 Kxf3
64.a8=Q Ke2 65.Qd8 d2+ 66.Kxc2 Ne3+ 67.Kb2 d1=Q 68.Qxd1+ Nxd1+ 69.Kb3  1/2-1/2

[Event "SVK-chT1E 9899"]
[Site "SVK"]
[Date "1999.??.??"]
[Round "11"]
[White "Kucera, Juraj"]
[Black "Klein, Peter"]
[Result "1/2-1/2"]
[WhiteElo "2200"]
[BlackElo "2115"]

1.d4 g6 2.e4 Bg7 3.Nc3 d6 4.Be3 Nc6 5.Qd2 e5 6.Bb5 Bd7 7.Nge2 a6 8.Bxc6 Bxc6
9.dxe5 dxe5 10.O-O-O Qxd2+ 11.Rxd2 Nf6 12.f3 Nd7 13.Nd5 Bxd5 14.Rxd5 O-O-O  1/2-1/2

[Event "SVK-chT 9899"]
[Site "SVK"]
[Date "1999.??.??"]
[Round "11"]
[White "Kalisky, Vladimir"]
[Black "Franzen, Jozef"]
[Result "0-1"]
[WhiteElo "2245"]
[BlackElo "2320"]

1.e4 g6 2.d4 Bg7 3.Nc3 d6 4.Be3 c6 5.Qd2 b5 6.O-O-O Nd7 7.f4 Ngf6 8.e5 Ng4
9.Nf3 Nxe3 10.Qxe3 O-O 11.Bd3 Nb6 12.h4 Bg4 13.h5 b4 14.Ne2 Nd5 15.Qf2 Bxh5
16.Rxh5 gxh5 17.Rh1 f5 18.Rxh5 Qe8 19.Qh4 Ne3 20.g4 Nxg4 21.Bxf5 Rxf5 22.Rxf5 Ne3
23.Rg5 Qf7 24.Ng3 Ng2 25.Qh5 Nxf4 26.Qg4 Ng6 27.Nf5 Kh8 28.N3h4 Nxh4 29.Qxh4 Rg8
30.e6 Qxe6 31.Rh5 Bh6+ 32.Rxh6 Rg1+ 33.Kd2 Rg2+ 34.Kd1 Qxf5  0-1

[Event "SWE-chT 9899"]
[Site "Sweden"]
[Date "1999.??.??"]
[Round "6"]
[White "Hector, Jonny"]
[Black "Schussler, Harry"]
[Result "1-0"]
[WhiteElo "2505"]
[BlackElo "2460"]

1.e4 g6 2.d4 Bg7 3.Nc3 d6 4.f4 Nf6 5.Nf3 O-O 6.Bd3 Na6 7.O-O c5 8.d5 Rb8
9.Qe2 Nc7 10.a4 a6 11.a5 b5 12.axb6 Rxb6 13.Ra2 e6 14.dxe6 Bxe6 15.b3 Nb5
16.Bd2 Qc8 17.Na4 Rb8 18.h3 Re8 19.Re1 Bf5 20.e5 dxe5 21.fxe5 Bxd3 22.Qxd3 Nd7
23.Bf4 Rb7 24.Nb2 Nb8 25.Nc4 Nc6 26.c3 Rbe7 27.Rea1 Nb8 28.Nfd2 f6 29.Ne4 fxe5
30.Bg5 Qd7 31.Qe3 Rf7 32.Rd2 Qc6 33.Ncd6 Nxd6 34.Nxd6 Rff8 35.Nxe8 Rxe8 36.Rad1  1-0

[Event "SWE-chT 9899"]
[Site "Sweden"]
[Date "1999.??.??"]
[Round "8"]
[White "Backlund, Anders"]
[Black "Nyberg, Ulf"]
[Result "1/2-1/2"]
[WhiteElo "2289"]
[BlackElo "2123"]

1.e4 d6 2.d4 g6 3.Nc3 Bg7 4.Be3 a6 5.a4 Nc6 6.h3 e5 7.dxe5 dxe5 8.Qxd8+ Nxd8
9.Nd5 Ne6 10.Nf3 Ne7 11.c3 Bd7 12.Bc4 Nxd5 13.exd5 Nf4 14.O-O O-O 15.Rfe1 b5
16.axb5 axb5 17.Rxa8 Rxa8 18.Bxf4 exf4 19.Re7 Rd8 20.Bb3 Bf6 21.Re4 g5 22.Ne5 Bf5
23.Ng4 Kg7 24.Nxf6 Kxf6 25.Re1 Rd7 26.Ra1 Ke5 27.Ra8 Bd3 28.f3 Bc4 29.Bxc4 bxc4
30.Ra4 Kxd5 31.Ra5+ c5 32.Ra1 Rb7 33.Rd1+ Kc6 34.Rd2 Rd7 35.Rxd7 Kxd7 36.Kf2 Kc6
37.Ke2 Kb5 38.Kd2 Ka4 39.Kc2 h6 40.Kc1 Kb3 41.Kb1  1/2-1/2

[Event "SWE-chT 9899"]
[Site "Sweden"]
[Date "1999.??.??"]
[Round "9"]
[White "Westlund, Jan"]
[Black "Backelin, Rikard"]
[Result "0-1"]
[WhiteElo "2226"]
[BlackElo "2430"]

1.d4 g6 2.e4 Bg7 3.Nc3 d6 4.Be3 c6 5.Qd2 Nd7 6.Nf3 b5 7.a4 b4 8.Ne2 Ngf6
9.Ng3 h5 10.Bg5 Qc7 11.Qxb4 c5 12.dxc5 Nxc5 13.Bb5+ Kf8 14.Rd1 Bg4 15.Be2 Rb8
16.Qa3 Nfxe4 17.Nxe4 Nxe4 18.Bh4 Bxb2 19.Qe3 Qc3+ 20.Kf1 Qxe3 21.fxe3 Nc3
22.Rd2 Nxa4 23.Rd5 Nc5 24.Ng5 Bf6  0-1

[Event "SWZ-chT"]
[Site "SWZ"]
[Date "1999.??.??"]
[Round "6"]
[White "Fierz, Martin"]
[Black "Gabriel, Christian"]
[Result "0-1"]
[WhiteElo "2194"]
[BlackElo "2581"]

1.e4 g6 2.d4 Bg7 3.Nc3 d6 4.f4 Nf6 5.Nf3 O-O 6.Bd3 Na6 7.O-O c5 8.e5 Nd7
9.exd6 exd6 10.f5 cxd4 11.Nd5 Ne5 12.Nxd4 Nxd3 13.Qxd3 Nc5 14.Qd1 Re8 15.f6 Bf8
16.Bf4 Ne6 17.Qd2 Nxf4 18.Qxf4 Re5 19.c4 Be6 20.Nxe6 fxe6 21.Ne3 h5 22.Kh1 Kh7
23.Nc2 Rc8 24.Rae1 Qa5 25.b3 Rc7 26.b4 Qxa2 27.Rxe5 dxe5 28.Qxe5 Qxc4 29.Ne3 Qc6
30.Rd1 Rd7 31.Rxd7+ Qxd7 32.h3 Bxb4 33.g4 Qc6+ 34.Kg1 Bd6 35.Qb2 Bc5 36.Kf2 Qe4  0-1

[Event "Tampere op"]
[Site "Tampere"]
[Date "1999.??.??"]
[Round "1"]
[White "Lehtinen, Antti"]
[Black "Nouro, Mikael"]
[Result "0-1"]
[WhiteElo "2155"]
[BlackElo "2354"]

1.e4 g6 2.d4 Bg7 3.Nc3 d6 4.Be3 a6 5.Qd2 b5 6.Bd3 Nd7 7.f4 Ngf6 8.Nf3 Bb7
9.a3 O-O 10.h3 c5 11.d5 e6 12.O-O exd5 13.exd5 Nb6 14.f5 Nbxd5 15.Nxd5 Bxd5
16.Bh6 Qb6 17.Kh1 c4 18.Be2 Rae8 19.Rae1 Ne4 20.Qf4 Bxh6 21.Qxh6 Ng3+ 22.Kh2 Nxf5
23.Qg5 Qe3  0-1

[Event "Tampere op2"]
[Site "Tampere"]
[Date "1999.??.??"]
[Round "4"]
[White "Koskela, Niina"]
[Black "Keskinen, Sauli"]
[Result "1/2-1/2"]
[WhiteElo "2213"]
[BlackElo "2254"]

1.e4 g6 2.d4 Bg7 3.Nc3 d6 4.Nf3 Nf6 5.Bc4 c6 6.a4 O-O 7.h3 b6 8.O-O Ba6 9.Bd3 c5
10.d5 Nfd7 11.Re1 Ne5 12.Nxe5 dxe5 13.Nb5 Bb7 14.Bg5 a6 15.Na3 f6 16.Be3 Nd7
17.a5 b5 18.c4 b4 19.Nb1 f5 20.f3 Rf6 21.Bg5 Rf7 22.Nd2 Qf8 23.Nb3 Rc8 24.Qd2 f4
25.Bh4 Bf6 26.Bf2 Qh6 27.Red1 Bh4 28.Bf1 Bxf2+ 29.Qxf2 g5 30.Be2 Qd6 31.Kh2 Nf6
32.Kg1 Nh5 33.Kf1 Ng3+ 34.Ke1 h5 35.Rd2 g4 36.hxg4 hxg4 37.Kd1 Rh7 38.Kc2 Rc7
39.Bd3 Bc8 40.Qg1 Bd7 41.Qf2 Rc8 42.Rdd1 Kg7 43.Rd2 Kg6 44.fxg4 Bxg4 45.Qxf4 exf4
46.e5+ Bf5 47.exd6 exd6  1/2-1/2

[Event "Isla de Tenerife op"]
[Site "Tenerife"]
[Date "1999.??.??"]
[Round "2"]
[White "Ramos, Jose M"]
[Black "Vassallo, Mauricio"]
[Result "0-1"]
[WhiteElo "2000"]
[BlackElo "2380"]

1.e4 g6 2.d4 Bg7 3.Nc3 d6 4.Nf3 Nf6 5.h3 O-O 6.Be3 c6 7.a4 Nbd7 8.a5 Qc7
9.Be2 Rd8 10.O-O e5 11.Qc1 exd4 12.Nxd4 Re8 13.f3 Nh5 14.Rd1 d5 15.exd5 Be5
16.f4 Bxf4 17.Bxf4 Nxf4 18.Bf3 Nf6 19.Nde2 Nxe2+ 20.Nxe2 Nxd5 21.Qh6 Ne3
22.Rd2 Qe7 23.Rd3 Nf5 24.Qf4 Be6 25.a6 Rad8 26.axb7 Qxb7 27.Rxd8 Rxd8 28.b4 Bd5
29.Bg4 Ng7 30.c3 h5 31.Bf3 Qb6+ 32.Kh2 Bxf3 33.Qxf3 Nf5 34.Ra5 Qc7+ 35.Qf4 Qe7
36.Re5 Qd6 37.Ra5 Qd3 38.Qe5 Rd7 39.b5 Re7 40.Qb8+ Kg7 41.Nd4 Nxd4 42.cxd4 Qxd4
43.bxc6 Re1 44.Ra3 h4  0-1

[Event "Isla de Tenerife op"]
[Site "Tenerife"]
[Date "1999.??.??"]
[Round "4"]
[White "Ivanov, Jordan"]
[Black "Strikovic, Aleksa"]
[Result "1-0"]
[WhiteElo "2355"]
[BlackElo "2520"]

1.d4 d6 2.e4 g6 3.Nc3 Bg7 4.Be3 Nd7 5.Nf3 a6 6.a4 Ngf6 7.h3 O-O 8.Be2 c5
9.d5 Rb8 10.a5 b5 11.axb6 Rxb6 12.Ra2 Rb4 13.Nd2 Nb6 14.Qa1 e6 15.dxe6 Bxe6
16.Rxa6 Nfd7 17.Nd1 Nc4 18.c3 Nxe3 19.Nxe3 Rb7 20.Ndc4 Qb8 21.O-O Ne5 22.Nxe5 Bxe5
23.Nd1 d5 24.exd5 Bxd5 25.Qa5 Rc7 26.Ne3 Bb7 27.Rb6 Qd8 28.Qb5 Qe7 29.Rd1 Bf4
30.Nd5 Bxd5 31.Rxd5 Qe4 32.Qd3 Qe7 33.g3 Bh6 34.Qf3 Ra7 35.Rd1 Bg7 36.Bc4 Kh8
37.Bd5 h5 38.h4 Re8  1-0

[Event "Isla de Tenerife op"]
[Site "Tenerife"]
[Date "1999.??.??"]
[Round "6"]
[White "Camino, Nicanor"]
[Black "Hidalgo Santana, F."]
[Result "0-1"]
[WhiteElo "2160"]
[BlackElo "2000"]

1.e4 d6 2.d4 g6 3.Nc3 Bg7 4.Be3 Nf6 5.Qd2 c6 6.h3 Qa5 7.Nf3 Nbd7 8.a3 O-O
9.Be2 e5 10.dxe5 dxe5 11.O-O b5 12.Qd6 Bb7 13.Rfd1 Rfe8 14.b4 Qd8 15.Bg5 h6
16.Bh4 Qb6 17.Rd2 a5 18.Bxf6 Nxf6 19.Rad1 Rad8 20.bxa5 Qxa5 21.Qc5 Bf8 22.Qe3 Rxd2
23.Rxd2 Qxa3 24.Qb6 Qxc3 25.Qxb7 Nxe4 26.Rd3 Qxc2 27.Re3 b4 28.Qd7 Nf6 29.Qc7 Nd5  0-1

[Event "POL-ch U20"]
[Site "Trzbinia"]
[Date "1999.??.??"]
[Round "?"]
[White "Szelag, Marcin"]
[Black "Stryjecki, Marek"]
[Result "0-1"]
[WhiteElo "2408"]
[BlackElo "2397"]

1.e4 g6 2.d4 Bg7 3.Nc3 d6 4.f4 c6 5.Nf3 Bg4 6.Be3 Qb6 7.Qd2 Bxf3 8.gxf3 Nd7
9.O-O-O Qa5 10.Kb1 O-O-O 11.Rg1 Kb8 12.f5 Ngf6 13.Bc4 Rhf8 14.Bf4 Ka8 15.Qe2 Rc8
16.Bd2 Qc7 17.a4 Nh5 18.Be3 Qa5 19.Bb3 Rce8 20.f4 e6 21.fxe6 fxe6 22.Rgf1 d5
23.Qd3 Rf7 24.f5 gxf5 25.exf5 e5 26.dxe5 Nxe5 27.Qd2 Nf6 28.Bd4 Rfe7 29.Rde1 Nf3
30.Rxf3 Rxe1+ 31.Ka2 R1e7 32.Qg5 Ne4 33.Nxe4 dxe4 34.Bxg7 exf3 35.Bc3 Qc5
36.Qf4 f2 37.f6 Re1 38.f7 Rb8 39.Bb4 Qxb4 40.Qxb4 f1=Q 41.Bc4 Ra1+ 42.Kb3 Qf3+  0-1

[Event "POL-ch U20"]
[Site "Trzbinia"]
[Date "1999.??.??"]
[Round "?"]
[White "Jedryczka, Krystian"]
[Black "Stryjecki, Marek"]
[Result "1/2-1/2"]
[WhiteElo "2371"]
[BlackElo "2397"]

1.e4 g6 2.d4 Bg7 3.Nc3 d6 4.Be3 a6 5.f4 b5 6.Be2 b4 7.Nb1 Bb7 8.Bf3 Nf6 9.Nd2 Nbd7
10.g4 h5 11.g5 Ng4 12.Bxg4 hxg4 13.Qxg4 c5 14.Ngf3 cxd4 15.Bxd4 Bxd4 16.Nxd4 Qb6
17.Qg1 Rc8 18.O-O-O e5 19.fxe5 dxe5 20.N4b3 Qc7 21.Kb1 a5 22.Qa7 Ra8 23.Qe3 a4
24.Nc1 O-O 25.Ne2 Ba6 26.h4 Rfc8 27.Rc1 a3 28.c4 axb2 29.Rc2 Qa5 30.Rxb2 Nb6
31.h5 Nxc4 32.Nxc4 Bxc4 33.Nc1 Qa3 34.Nb3 Bxb3 35.Qxb3 gxh5 36.Rxh5 Qxb3
37.Rxb3 Rc4 38.Rbh3  1/2-1/2

[Event "RUS-Cup"]
[Site "Tula "]
[Date "1999.??.??"]
[Round "3"]
[White "Goloshchapov, Alexander"]
[Black "Ovetchkin, Roman"]
[Result "1-0"]
[WhiteElo "2446"]
[BlackElo "2511"]

1.e4 g6 2.d4 Bg7 3.Nc3 d6 4.Be3 a6 5.Qd2 b5 6.O-O-O Bb7 7.f3 Nd7 8.h4 h5
9.Nh3 e6 10.d5 e5 11.Ng5 Ngf6 12.a4 O-O 13.Kb1 bxa4 14.Nxa4 Nb6 15.Qa5 Nxa4
16.Qxa4 Bc8 17.Bb5 a5 18.Rd3 Nd7 19.Bc6 Ra6 20.Qb5 Nb6 21.Ra3 Ra7 22.b3 a4
23.bxa4 Ba6 24.Qb4 Bb7 25.Bb5 Ra8 26.Ka2 Nxd5 27.exd5 Bxd5+ 28.c4 Bb7 29.a5 Qc8
30.Rd1 Rd8 31.Ne4 f5 32.Nc3 c6 33.Ba4 c5 34.Qb5 Rb8 35.Rb3 e4 36.Nd5 Bxd5
37.Qxb8 Qxb8 38.Rxb8 Bxc4+ 39.Bb3 Bxb3+ 40.Rxb3 d5 41.Bxc5 d4 42.fxe4 fxe4
43.a6  1-0

[Event "Turku op"]
[Site "Turku"]
[Date "1999.??.??"]
[Round "3"]
[White "Holmsten, Aleksei"]
[Black "Keskinen, Sauli"]
[Result "0-1"]
[WhiteElo "2373"]
[BlackElo "2254"]

1.e4 g6 2.d4 Bg7 3.Nc3 d6 4.Bg5 Nf6 5.f4 c6 6.Qd2 b5 7.a3 O-O 8.Nf3 Bg4 9.Be2 Nbd7
10.e5 Ne8 11.exd6 Nxd6 12.Ne5 Nxe5 13.dxe5 Bxe2 14.exd6 f6 15.Bh4 Bh5 16.Rg1 g5
17.g4 Bg6 18.fxg5 exd6 19.O-O-O d5 20.Ne2 fxg5 21.Bxg5 Qd6 22.Nd4 Qe5 23.Bh6 Qxd4
24.Qxd4 Bxd4 25.Rxd4 Rf2 26.Rd2 Rxd2 27.Kxd2 Kf7 28.Rf1+ Ke6 29.Be3 a5 30.Bd4 Rc8
31.b4 axb4 32.axb4 Ra8 33.Rf6+ Kd7 34.Be5 Rc8 35.h4 c5 36.bxc5 Rxc5 37.c3 Ke8
38.h5 Be4 39.g5 Rc8  0-1

[Event "Turku op"]
[Site "Turku"]
[Date "1999.??.??"]
[Round "5"]
[White "Nokso Koivisto, Antti"]
[Black "Keskinen, Sauli"]
[Result "0-1"]
[WhiteElo "2226"]
[BlackElo "2254"]

1.e4 g6 2.d4 Bg7 3.Nc3 d6 4.Nf3 Nf6 5.Be2 O-O 6.O-O c6 7.a4 Qc7 8.h3 e5 9.Re1 Nbd7
10.Bf1 Nh5 11.Be3 h6 12.a5 Nf4 13.Qd2 g5 14.g3 Ng6 15.Bg2 Nf6 16.Red1 Be6
17.dxe5 dxe5 18.Bc5 Rfd8 19.Bd6 Qc8 20.Qe3 Bxh3 21.Bxe5 Rxd1+ 22.Nxd1 Bxg2
23.Bxf6 Qh3 24.Nh2 Bxf6 25.Ra4 Ne5 26.f4 Nf3+  0-1

[Event "RUS-ch sf"]
[Site "Ufa"]
[Date "1999.??.??"]
[Round "6"]
[White "Ovetchkin, Roman"]
[Black "Akhmetov, Artiom"]
[Result "1-0"]
[WhiteElo "2511"]
[BlackElo "2415"]

1.e4 g6 2.d4 Bg7 3.Nc3 d6 4.Be3 Nf6 5.f3 O-O 6.g4 e5 7.g5 Nh5 8.dxe5 Bxe5
9.Qd2 c6 10.Nge2 f5 11.exf5 Bxf5 12.O-O-O d5 13.Ng3 Bxg3 14.hxg3 Nxg3 15.Bc4 Be6
16.Rhe1 Nd7 17.Bf2 Ne4 18.Rxe4 Bf7 19.Ree1 dxc4 20.Qxd7 Qxg5+ 21.Be3 Qf6
22.Ne4 Qxf3 23.Bd4  1-0

[Event "Valles Tancat 3th"]
[Site "Valles Tancat"]
[Date "1999.??.??"]
[Round "?"]
[White "Bravo, Narciso"]
[Black "Soloviov, Sergei"]
[Result "0-1"]
[WhiteElo "2265"]
[BlackElo "2390"]

1.e4 g6 2.d4 Bg7 3.Nc3 d6 4.Be3 a6 5.Qd2 b5 6.f3 Nd7 7.h4 h5 8.Nh3 Ngf6 9.O-O-O Nb6
10.Qe1 Bb7 11.Nf4 e6 12.Kb1 b4 13.Nce2 a5 14.Nd3 Qd7 15.g3 Nc4 16.Bc1 Qb5
17.Ka1 Nd7 18.Rh2 c5 19.d5 a4 20.dxe6 fxe6 21.Nef4 Nf8 22.Nd5 Bxd5 23.exd5 a3
24.Kb1 axb2 25.Bxb2 Qa4  0-1

[Event "Valles Tancat 3th"]
[Site "Valles Tancat"]
[Date "1999.??.??"]
[Round "?"]
[White "Baches Garcia, Guillermo"]
[Black "Soloviov, Sergei"]
[Result "1/2-1/2"]
[WhiteElo "2285"]
[BlackElo "2390"]

1.e4 g6 2.d4 Bg7 3.Nc3 d6 4.g3 Nc6 5.Be3 Nf6 6.h3 e5 7.d5 Nd4 8.Bg2 O-O 9.Nge2 Nxe2
10.Nxe2 c6 11.c4 b5 12.c5 Qa5+ 13.Bd2 b4 14.a3 dxc5 15.axb4 Qb5 16.bxc5 cxd5
17.exd5 Qxc5 18.O-O Qb5 19.b4 Bb7 20.Ra5 Qd3 21.Bc3 Ba6 22.Qa1 Ne4 23.Bxe4 Qxe4
24.Rxa6 Qxe2 25.Rxa7 Rxa7 26.Qxa7 Rc8 27.Ba1 Rd8 28.Qa5 Bf6 29.b5 Rxd5 30.Qa8+ Rd8
31.Qc6 Kg7 32.Bc3 Qd3 33.b6 Rd6 34.Qc7 Rd7 35.Qc5 Rd5 36.Qc7 Rd7 37.Qc5 Rd5
38.Qc7 Rd7  1/2-1/2

[Event "FIN-ch"]
[Site "Vammala"]
[Date "1999.??.??"]
[Round "1"]
[White "Salmensuu, Olli"]
[Black "Lehtinen, Heikki"]
[Result "1-0"]
[WhiteElo "2449"]
[BlackElo "2201"]

1.e4 g6 2.d4 Bg7 3.Nc3 d6 4.Be3 Nf6 5.Qd2 Ng4 6.Bg5 c5 7.dxc5 dxc5 8.Qxd8+ Kxd8
9.h3 Bxc3+ 10.bxc3 Nf6 11.O-O-O+ Bd7 12.Bd3 Nc6 13.Nf3 Ke8 14.Be3 b6 15.Rhe1 Na5
16.Bh6 c4 17.e5 cxd3 18.exf6 Be6 19.Rxd3 exf6 20.Bg7 Rg8 21.Bxf6 Nb7 22.Red1 h6
23.h4 Rc8 24.Ne5 g5 25.h5 Bf5 26.Rd4 Be6 27.Nc6 Ra8 28.Nxa7 Bg4 29.Rxg4 Rxa7
30.Rgd4  1-0

[Event "FIN-ch"]
[Site "Vammala"]
[Date "1999.??.??"]
[Round "2"]
[White "Kiltti, Jyrki"]
[Black "Nouro, Mikael"]
[Result "0-1"]
[WhiteElo "2192"]
[BlackElo "2354"]

1.e4 g6 2.d4 Bg7 3.Nc3 d6 4.Be2 Nf6 5.g4 d5 6.e5 Ne4 7.Bf4 c5 8.Nxe4 dxe4
9.dxc5 Qa5+ 10.c3 Qxc5 11.Qa4+ Nc6 12.Qxe4 Be6 13.Be3 Qxe5 14.Qxe5 Nxe5 15.Bb5+ Kf8
16.h3 h5 17.g5 a6 18.Be2 Rd8 19.Nf3 Nc4 20.Bc1 Kg8 21.Nd4 Bxd4 22.cxd4 Na5
23.b3 Kh7 24.Bb2 Rd7 25.Bf3 Bd5 26.Bxd5 Rxd5 27.h4 Nc6 28.O-O-O Rhd8 29.Rhe1 e6
30.Re4 Ne7 31.Kb1 Nf5 32.Rc1 R8d7 33.Rc8 Nd6  0-1

[Event "FIN-ch"]
[Site "Vammala"]
[Date "1999.??.??"]
[Round "3"]
[White "Vinke, Dietmar"]
[Black "Lehtinen, Heikki"]
[Result "1-0"]
[WhiteElo "2255"]
[BlackElo "2201"]

1.d4 g6 2.e4 Bg7 3.Nc3 d6 4.Be3 Nf6 5.f3 c6 6.Qd2 b5 7.g4 Qc7 8.h4 Bb7 9.h5 Rg8
10.Nh3 Nbd7 11.O-O-O Nb6 12.hxg6 hxg6 13.Ng5 a5 14.Qf2 b4 15.Nb1 Na4 16.Bc4 Rf8
17.Nh7 Rg8 18.Nxf6+ Bxf6 19.Rh7 d5 20.Bd3 Bg7 21.e5 c5 22.f4 c4 23.Be2 Ba6
24.f5 gxf5 25.gxf5 c3 26.b3 Bf8 27.Bh5 Rg7 28.Rxg7 Bxg7 29.Qg3 Bf8 30.Bxf7+ Kd8
31.Bxd5 Bb7 32.Qg8 Nb6 33.Bxb7 Qxb7 34.Qxf8+ Kd7 35.e6+ Kc6 36.Qg7 Nd5 37.Qg2 a4
38.Re1 axb3 39.cxb3 Qa6 40.Bg5  1-0

[Event "Villa Martelli zt (Women)"]
[Site "Villa Martelli "]
[Date "1999.??.??"]
[Round "11"]
[White "Hernandez Penna, Sabina"]
[Black "Arbunic Castro, Giovanna B"]
[Result "1-0"]
[WhiteElo "2115"]
[BlackElo "2110"]

1.e4 g6 2.d4 Bg7 3.Nc3 d6 4.Be3 Nd7 5.Nge2 c5 6.Qd2 Qa5 7.f3 b5 8.a3 Rb8
9.Rd1 Ngf6 10.dxc5 dxc5 11.g4 b4 12.axb4 cxb4 13.Nb1 O-O 14.Nd4 Qa4 15.b3 Qa1
16.Nc6 Rb7 17.Bd4 Qa2 18.Nxe7+ Kh8 19.Nc6 a5 20.g5 Ne8 21.Bd3 Rc7 22.Bxg7+ Nxg7
23.Nd4 Qb2 24.Qe3 Ne5 25.O-O Ne6 26.Nxe6 fxe6 27.Rf2 Rcf7 28.Rdf1 Nxf3+ 29.Rxf3 Rxf3
30.Rxf3 Qxb1+ 31.Kg2 Rxf3 32.Qxf3 Kg8 33.Qf6 Qd1 34.Qd8+ Kg7 35.Qc7+  1-0

[Event "JUG-chT (Women)"]
[Site "Vrnjacka Banja"]
[Date "1999.??.??"]
[Round "3"]
[White "Relic, Rajna"]
[Black "Nikolin, Zorica"]
[Result "0-1"]
[WhiteElo "2129"]
[BlackElo "2209"]

1.e4 g6 2.d4 Bg7 3.Nc3 d6 4.Nf3 a6 5.a4 Nd7 6.Bc4 e6 7.Bg5 Ne7 8.Qd2 h6 9.Be3 b6
10.O-O Bb7 11.d5 e5 12.Ne1 f5 13.f4 exf4 14.Bxf4 g5 15.Be3 Ne5 16.Be2 O-O
17.exf5 Nxf5 18.Bf2 Qe8 19.Nd1 Qg6 20.Ne3 Nxe3 21.Bxe3 Qe4 22.Rxf8+ Rxf8
23.Rd1 Nc4 24.Bxc4 Qxc4 25.Nf3 Bxb2 26.Qd3 Qxd3 27.Rxd3 Re8 28.Kf2 Re4 29.a5 b5
30.Ba7 Rc4 31.Ne1 Bc3 32.Nf3 Bxa5 33.Nd4 Bc3 34.Ne6 Be5 35.Rf3 Rxc2+ 36.Kf1 Bxd5
37.Rf8+ Kh7 38.Nd4 Bxg2+ 39.Ke1 Ra2 40.Rf7+ Kg6 41.Rxc7 Bxh2  0-1

[Event "JUG-chT"]
[Site "Vrnjacka Banja"]
[Date "1999.??.??"]
[Round "3"]
[White "Ilincic, Zlatko"]
[Black "Todorcevic, Miodrag"]
[Result "1/2-1/2"]
[WhiteElo "2577"]
[BlackElo "2458"]

1.d4 g6 2.e4 Bg7 3.Nc3 d6 4.Nf3 Nf6 5.h3 O-O 6.Be3 c6 7.a4 a5 8.Be2 Nbd7
9.O-O e5 10.dxe5 dxe5 11.Bc4 Qe7 12.Qb1 Nc5 13.Nd2 Ne6 14.Ne2 Nh5 15.c3 Rd8
16.Rd1 Nef4 17.Nxf4 exf4 18.Bb6 Re8 19.Qa2 Nf6 20.e5 Nd5 21.Bxd5 cxd5 22.Qxd5 Be6
23.Qd4 Bf5 24.Nf3 Bxe5 25.Qxe5 Qxe5 26.Nxe5 Rxe5 27.Rd2 Re6 28.Bc7 f3 29.g4 Be4
30.Rad1 Kg7 31.b3 h5 32.g5 Bf5 33.h4 Rc8 34.Bxa5 Re4 35.Rd4 Rce8 36.Bd8 Rxd8
37.Rxd8 Rg4+ 38.Kh2 Bc2 39.Re1 Rxh4+ 40.Kg3 Rg4+ 41.Kxf3 Rxg5 42.Ke3 Bxb3
43.Rb1 Bxa4 44.Rxb7 Re5+ 45.Kd3 Rf5 46.Rb4 Bc6 47.f4 h4 48.Ke3 h3 49.Rd2 Rc5
50.c4 Ra5 51.Rh2 Bg2 52.Rb3 Kf6 53.Rc3 Ke6 54.c5 Kd7 55.Kf2 Kc6 56.Rhxh3 Bxh3
57.Rxh3 Ra2+ 58.Kg1 Kxc5 59.Rh7 f5 60.Rg7  1/2-1/2

[Event "JUG-chT"]
[Site "Vrnjacka Banja"]
[Date "1999.??.??"]
[Round "5"]
[White "Miranovic, Rajko"]
[Black "Strikovic, Aleksa"]
[Result "1/2-1/2"]
[WhiteElo "2388"]
[BlackElo "2518"]

1.e4 g6 2.d4 Bg7 3.Nc3 d6 4.Bg5 c6 5.Qd2 Nd7 6.f4 b5 7.Nf3 Qc7 8.e5 f6 9.exf6 exf6
10.Bh4 Nh6 11.Bd3 O-O 12.O-O-O Nb6 13.h3 b4 14.Ne4 c5 15.dxc5 dxc5 16.Be2 Bb7
17.Qd6 Qf7 18.Nxc5 Nf5 19.Qe6 Bxf3 20.Bxf3 Nxh4 21.Bxa8 Rxa8 22.g3 Nf5 23.g4 Qxe6
24.Nxe6 Ne7 25.Rd4 Nc6 26.Rd6 Rc8 27.Re1 Bh6 28.g5 fxg5 29.fxg5 Bf8 30.Nxf8 Kxf8
31.Ree6 Ne7 32.Re5 Rc4 33.b3 Rh4 34.Rf6+ Ke8 35.Rfe6 Nc8 36.Re4 Rxh3 37.Rxb4 Rh5
38.Rg4 Kd7 39.Ra6 Nc6 40.b4 Ne5 41.Rg3 Kc7 42.Kb2 Kb7 43.Re6 Nf7 44.Rd3 Kc7
45.Rc3+ Kb7 46.Rd3 Kc7 47.Rc3+  1/2-1/2

[Event "JUG-chT"]
[Site "Vrnjacka Banja"]
[Date "1999.??.??"]
[Round "6"]
[White "Marinkovic, Slavisa"]
[Black "Strikovic, Aleksa"]
[Result "1/2-1/2"]
[WhiteElo "2449"]
[BlackElo "2518"]

1.e4 g6 2.d4 Bg7 3.Nc3 d6 4.g3 Nf6 5.Bg2 O-O 6.Nge2 c6 7.a4 a5 8.h3 Na6 9.Be3 Nb4
10.O-O e5 11.Qd2 d5 12.exd5 Nfxd5 13.Nxd5 Nxd5 14.Bh6 e4 15.Bxg7 Kxg7 16.c4 Nb4
17.Bxe4 Bxh3 18.Rfe1 Qf6 19.Nf4 Bg4 20.f3 Bd7 21.Kg2 h5 22.Rh1 Rh8 23.Rh4 Rad8
24.Re1 b6 25.Bb1 c5 26.Nd5 Nxd5 27.cxd5 g5 28.Rhe4 h4 29.Re5 hxg3 30.Qxg5+ Qxg5
31.Rxg5+ Kf6 32.Rxg3 cxd4 33.Re4 Rde8 34.Rf4+ Ke5 35.Rxf7 Bxa4 36.Rgg7 Kd6
37.Rf6+ Kc5 38.d6 Kb4 39.Bd3 Re3 40.Bf1 Rd8 41.d7 b5 42.Rd6 Kb3 43.Bxb5 d3
44.Bxa4+ Kxa4 45.Rd4+ Kb3 46.Rg5 Ka2 47.Rxa5+ Kb1 48.Rc5 Rg8+ 49.Kh2 Re2+
50.Kh3 Re1 51.Kh2 Re2+ 52.Kh3  1/2-1/2

[Event "JUG-chT"]
[Site "Vrnjacka Banja"]
[Date "1999.??.??"]
[Round "9"]
[White "Kovacevic, Aleksandar"]
[Black "Strikovic, Aleksa"]
[Result "1-0"]
[WhiteElo "2478"]
[BlackElo "2518"]

1.e4 g6 2.d4 Bg7 3.Nc3 d6 4.f4 Nf6 5.Nf3 O-O 6.Bd3 Na6 7.O-O c5 8.d5 Bg4
9.Bc4 Rb8 10.h3 Bxf3 11.Qxf3 Nc7 12.a4 a6 13.a5 e6 14.dxe6 Nxe6 15.Ne2 Nd4
16.Nxd4 cxd4 17.e5 dxe5 18.fxe5 Nd7 19.Bxf7+ Kh8 20.e6 Ne5 21.Qe4 Nc6 22.h4 d3
23.cxd3 Qd4+ 24.Qxd4 Bxd4+ 25.Kh1 Kg7 26.Ra4 Bc5 27.Re4 Rbd8 28.h5 gxh5 29.Rf5 Be7
30.Rxh5 Rxd3 31.Rg4+ Kh8 32.Bh6  1-0

[Event "Wisla Hugart op (Women)"]
[Site "Warsaw"]
[Date "1999.??.??"]
[Round "?"]
[White "Ruchieva, Natalia"]
[Black "Kuchta, Danuta"]
[Result "1-0"]
[WhiteElo "2305"]
[BlackElo "2091"]

1.e4 g6 2.d4 d6 3.Nc3 Bg7 4.Nf3 c6 5.a4 a5 6.Bc4 Na6 7.O-O Nh6 8.Bf4 O-O
9.h3 Kh8 10.Qe2 Nb4 11.Rad1 Bd7 12.Rfe1 Rc8 13.Bb3 Qe8 14.Nb1 Ng8 15.c3 Na6
16.Nbd2 b5 17.Ra1 Qd8 18.e5 Qc7 19.exd6 exd6 20.Ne4 Rce8 21.Qd2 Rxe4 22.Rxe4 Bf5
23.Ree1 b4 24.Bc4 bxc3 25.bxc3 Nb8 26.Ng5 Nf6 27.Bd3 Bxd3 28.Qxd3 Qd8 29.Ne4 Nxe4
30.Qxe4 c5 31.Rab1 cxd4 32.cxd4 Nd7 33.Bxd6 Rg8 34.Be7 Qc8 35.Rec1 Qa6 36.Qc6  1-0

[Event "Hoogovens-C op"]
[Site "Wijk aan Zee"]
[Date "1999.??.??"]
[Round "9"]
[White "Visser, Yge"]
[Black "Danailov, Silvio"]
[Result "0-1"]
[WhiteElo "2410"]
[BlackElo "2450"]

1.e4 g6 2.d4 Bg7 3.Nc3 d6 4.Be3 Nf6 5.Nf3 O-O 6.h3 a6 7.a4 b6 8.Bc4 e6 9.Qd2 Bb7
10.d5 exd5 11.exd5 Nbd7 12.O-O Re8 13.Bh6 Bh8 14.Bg5 Qe7 15.Rfe1 Qf8 16.Bh6 Bg7
17.Bxg7 Qxg7 18.b4 a5 19.bxa5 bxa5 20.Bb5 Rxe1+ 21.Rxe1 Nb6 22.Bc6 Bxc6 23.dxc6 Re8
24.Nb5 Rxe1+ 25.Qxe1 Nfd5 26.Qe8+ Qf8 27.Qe4 Qd8 28.Nfd4 Nf6 29.Qh4 Qe7 30.Nxc7 Qe1+
31.Kh2 Qe5+ 32.f4 Qxd4 33.Nb5 Qb2 34.c3 Kg7 35.Nxd6 Nbd5 36.c7 Ne3 37.Qg5 h6
38.c8=Q hxg5 39.Qc6 gxf4 40.Nb5 Qf2  0-1

[Event "CRO-chT3"]
[Site "Zadar"]
[Date "1999.??.??"]
[Round "2"]
[White "Licardo, Renato"]
[Black "Lacmanovic, Stipe"]
[Result "1-0"]
[WhiteElo "2185"]
[BlackElo "2215"]

1.e4 g6 2.d4 Bg7 3.Nc3 d6 4.Be3 Nf6 5.f3 O-O 6.Qd2 Nbd7 7.O-O-O b6 8.Bc4 Bb7
9.g4 c5 10.Nge2 Rc8 11.Bd5 Nxd5 12.exd5 cxd4 13.Nxd4 Ne5 14.Bh6 Nc4 15.Qf4 e5
16.dxe6 fxe6 17.Qg5 Bf6 18.Qb5 Rc5 19.Qa4 Re8 20.Rhe1 e5 21.Nb3 Bc6 22.Qa6 Bg5+
23.Bxg5 Qxg5+ 24.Kb1 Ne3 25.Rxd6 Bxf3 26.Nxc5 bxc5 27.h3 Qf4 28.Qd3 Nc4 29.Rd7 Nb6
30.Rxa7 e4 31.Nd5 Qe5 32.Ne7+ Rxe7 33.Qd8+ Re8 34.Qxb6 e3 35.b3 e2 36.Qa5 Bc6
37.Qd2 c4 38.Qh6 Re7 39.Rxe7 Qxe7 40.Qf4 Qe6 41.Qxc4 Qxc4 42.bxc4 Bf3 43.Kc1 Kf7
44.Kd2  1-0